000 00774nam a22002417a 4500
001 24062
003 HDC
007 cr bn ---aaaaa
008 220316b ||||| |||| 00| 0 eng d
040 _aHDC
245 0 _aPM seru usahawan ambil peluang sumber disedia kerajaan
260 _aKuala Lumpur:
_bMyKMU.net,
_c[no date]
336 _atext
_2rdacontent
337 _acomputer
_2rdamedia
338 _aonline resource
_2rdacarrier
650 _aDigitalization
_94719
650 _aEntrepreneur
_91863
710 _aMYKMU.NET
856 _zRequest full-text at [email protected]
942 _2lcc
942 _cNEWS
942 _kNWSO 1010844
999 _c21378
_d21378